[Event "3rd EIWCh"]
[Site "Varna BUL"]
[Date "2002.06.03"]
[Round "7"]
[White "Foisor,C"]
[Black "Mashinskaya,I"]
[Result "0-1"]
[WhiteElo "2437"]
[BlackElo "2300"]

1.Nf3 d5 2.g3 g6 3.Bg2 Bg7 4.O-O e5 5.d3 Ne7 6.Nbd2 O-O 7.e4 Nbc6 8.c3 a5
9.a4 h6 10.Re1 Be6 11.Qc2 g5 12.Nb3 b6 13.d4 dxe4 14.Nxe5 Nxe5 15.dxe5 c5
16.Bxe4 Ng6 17.Nd2 Nxe5 18.b3 Ra7 19.Nf1 f5 20.Bg2 Bd5 21.f4 Bxg2 22.fxe5 Be4
23.Qf2 Bxe5 24.Bb2 Rd7 25.Qe2 Bg7 26.Rad1 Rff7 27.Ne3 Bd3 28.Qg2 Kh7 29.c4 Be4
30.Qe2 Bxb2 31.Qxb2 Rxd1 32.Rxd1 Rd7 33.Rxd7+ Qxd7 34.Qe5 Qd4 35.Qe7+ Qg7
36.Qd6 f4 37.Nf1 fxg3 38.Nxg3 Bg6 39.Qxb6 Qd4+ 40.Kg2 h5 41.Qb7+ Kh6 42.Qf3 Qb2+
43.Kg1 Qb1+ 44.Kf2 Qb2+ 45.Ne2 Qe5 46.h3 Qf5 47.Ng3 Qxf3+ 48.Kxf3 Bc2 49.Ne4 Bxe4+
50.Kxe4 g4 51.hxg4 hxg4 52.Kf4 Kh5 53.b4 axb4 54.a5 b3 55.a6 b2 56.a7 b1=Q
57.a8=Q Qf1+ 58.Ke5 Qe2+ 59.Kd6 Qxc4 60.Qh8+ Kg6 61.Qe8+ Qf7 62.Qa4 c4 63.Qc2+ Kg5
64.Qe2 Qf4+ 65.Kc5 Qc7+ 66.Kb5 Qb7+ 67.Ka5 Qd5+ 68.Kb4 g3 69.Qe7+ Kg4 70.Qg7+ Kf3
71.Qf6+ Ke2 72.Qe7+ Kd2 73.Qf6 Qd3 74.Qb2+ Ke1 75.Qc1+ Ke2 76.Qg1 c3 77.Qg2+ Kd1
78.Qg1+ Kc2 79.Ka3 Qf3 80.Qb6 g2 81.Qg6+ Kd1 82.Qd6+ Ke1 83.Qe5+ Kf2 84.Qd4+ Ke1
85.Qh4+ Qf2 86.Qe4+ Kd1  0-1

[Event "TCh-BIH"]
[Site "Neum BIH"]
[Date "2002.06.04"]
[Round "4"]
[White "Damljanovic,B"]
[Black "Nikolic,Pr"]
[Result "1/2-1/2"]
[WhiteElo "2548"]
[BlackElo "2653"]

1.Nf3 d5 2.g3 g6 3.Bg2 Bg7 4.O-O e5 5.d3 Ne7 6.e4 O-O 7.Nc3 c5 8.exd5 Nxd5
9.Nxd5 Qxd5 10.Re1 Qd6 11.Nd2 Qc7 12.Ne4 f5 13.Nc3 Nc6 14.f4 Bd7 15.Be3 b6
16.Nb5 Qd8 17.c3 Kh8 18.a4 a6 19.Nd6 exf4 20.gxf4 Qc7 21.Nc4 Rae8 22.Qf3 Re6
23.Bf2 Rfe8 24.Rxe6 Rxe6 25.Qd5 Ne7 26.Qa8+ Ng8 27.Bd5 Bc6 28.Bxc6 Qxc6 29.Qxc6 Rxc6
30.Re1 Nf6 31.Re7 Kg8 32.Ra7 a5 33.Ra8+ Bf8 34.Kg2 Re6 35.Kf3 h6 36.Nxb6 Rxb6
37.Bxc5 Rxb2 38.Bxf8 Kf7 39.Bxh6 Ng4 40.Ra7+ Ke6 41.Ra6+ Kd7 42.Bg7 Rd2 43.Bd4 Nxh2+
44.Kg3 Nf1+ 45.Kf3 Nh2+  1/2-1/2

[Event "3rd EIWCh"]
[Site "Varna BUL"]
[Date "2002.06.04"]
[Round "8"]
[White "Stefanova,A"]
[Black "Maric,A"]
[Result "1-0"]
[WhiteElo "2473"]
[BlackElo "2455"]

1.Nf3 d5 2.g3 e6 3.Bg2 c5 4.d4 cxd4 5.O-O Nf6 6.Nxd4 e5 7.Nb3 Be6 8.Bg5 Nbd7
9.f4 exf4 10.Bxf4 Be7 11.Nc3 Qb6+ 12.Kh1 Rd8 13.a4 O-O 14.a5 Qa6 15.Nd4 Bc5
16.Ncb5 Bxd4 17.Nxd4 Rfe8 18.b4 Qc4 19.a6 bxa6 20.Qd3 Rc8 21.Bd6 Ne4 22.Qxc4 Rxc4
23.Bxe4 dxe4 24.e3 Rcc8 25.Rfd1 Nb8 26.Bxb8 Rxb8 27.Rxa6 Rxb4 28.Nxe6 fxe6
29.Rxa7 Rf8 30.Kg1 Rb5 31.Rdd7 Rg5 32.Kg2 h5 33.Rd4 h4 34.Rxe4 hxg3 35.hxg3 Rc8
36.c4 Rgc5 37.Rg4 R5c7 38.Rxc7 Rxc7 39.Kf3 Kf7 40.Ke2 Kf6 41.Kd3 e5 42.Rh4 g5
43.Rh8 Kf5 44.Re8 Rd7+ 45.Kc3 Ke4 46.c5 Kd5 47.Kd3 e4+ 48.Rxe4 Kxc5+ 49.Rd4 Rg7
50.e4 g4 51.Rd5+ Kc6 52.Ke3 Rf7 53.Rf5 Rg7 54.Kf4 Kd6 55.Rg5 Rf7+ 56.Kxg4 Ke6
57.Rf5 Ra7 58.Kf4 Ra1 59.g4 Rf1+ 60.Kg5 Re1 61.Rf6+ Ke7 62.Rf4 Ke6 63.Kg6 Ke5
64.Rf5+ Ke6 65.Rf8 Rg1 66.g5 Ke5 67.Rf5+ Kxe4 68.Ra5 Rb1 69.Kh7 Rh1+ 70.Kg7 Rg1
71.g6 Rg2 72.Kh7 Kf4 73.g7 Rh2+ 74.Kg6 Rg2+ 75.Kf7  1-0

[Event "TCh-BIH"]
[Site "Neum BIH"]
[Date "2002.06.07"]
[Round "8"]
[White "Vukic,M"]
[Black "Glavas,D"]
[Result "1-0"]
[WhiteElo "2509"]
[BlackElo "2273"]

1.Nf3 d5 2.g3 Bg4 3.Bg2 Nd7 4.d4 c6 5.O-O e6 6.Nbd2 Ngf6 7.Re1 Bh5 8.e4 dxe4
9.Nxe4 Nxe4 10.Rxe4 Nf6 11.Re1 Be7 12.c3 O-O 13.Qb3 Bxf3 14.Bxf3 Qb6 15.Bd2 Rfd8
16.Rad1 Rd7 17.Bc1 Qxb3 18.axb3 Rad8 19.b4 a6 20.Kf1 Nd5 21.Ke2 Bf6 22.Be4 Nb6
23.f4 g6 24.Rd3 Nd5 25.Kd1 Be7 26.Kc2 Ra8 27.Bd2 Rad8 28.Bf3 Nb6 29.Kb3 Bf6
30.Bc1 Be7 31.Red1 Bf6 32.Bd2 Nd5 33.Be4 Bg7 34.Be1 Nf6 35.Bf3 Nd5 36.Kc2 Bf8
37.Bd2 Bg7 38.b3 Bf8 39.Rf1 Nc7 40.Re3 Bg7 41.Ree1 Nb5 42.Be2 Nc7 43.Bc4 Nd5
44.g4 Bf6 45.Re2 Kg7 46.f5 exf5 47.gxf5 Re7 48.Rxe7 Bxe7 49.fxg6 hxg6 50.Rf3 Rh8
51.h3 Rh5 52.Be2 Rh8 53.Kd1 Bd6 54.c4 Ne7 55.Bc3 f6 56.d5 Be5 57.d6 Bxc3
58.Rxc3 Rd8 59.Rd3 Ng8 60.c5 f5 61.Re3 Kf8 62.Bc4 Nf6 63.Re6 Kg7 64.Re7+ Kh6
65.Rxb7 Ne4 66.Rc7 g5 67.Bd3 Nxd6 68.Rxc6  1-0

[Event "3rd EIWCh"]
[Site "Varna BUL"]
[Date "2002.06.07"]
[Round "11"]
[White "Danielian,E"]
[Black "Shumiakina,T"]
[Result "1-0"]
[WhiteElo "2411"]
[BlackElo "2366"]

1.Nf3 d5 2.g3 c6 3.Bg2 Nf6 4.O-O Bg4 5.d4 e6 6.Nbd2 Bd6 7.Re1 Nbd7 8.e4 dxe4
9.Nxe4 Be7 10.h3 Bh5 11.Nxf6+ Nxf6 12.c3 O-O 13.a4 a5 14.g4 Bg6 15.Bf4 Qb6
16.Re2 Rad8 17.Qe1 h6 18.Ne5 Bh7 19.Bg3 c5 20.dxc5 Bxc5 21.Nc4 Qa6 22.Nxa5 Qxa5
23.b4 Bxb4 24.cxb4 Qb6 25.b5 Rd3 26.Kh2 Nd5 27.Rb2 Qc5 28.a5 Bg6 29.b6 Ra3
30.a6 Rxa1 31.Qxa1 Nxb6 32.axb7 Nd7 33.Rd2 Nb8 34.Bd6 Qg5 35.f4 Qd8 36.Bxf8 Qxd2
37.Qxg7+  1-0

[Event "Open"]
[Site "Lido Estensi ITA"]
[Date "2002.06.08"]
[Round "2"]
[White "Sulava,N"]
[Black "Bukal,V jr"]
[Result "1-0"]
[WhiteElo "2548"]
[BlackElo "2393"]

1.Nf3 d5 2.g3 Bg4 3.Bg2 Nd7 4.c4 e6 5.b3 Ngf6 6.Bb2 Bd6 7.O-O O-O 8.d4 c6
9.Nc3 Bh5 10.Re1 Ne4 11.Nd2 f5 12.Ndxe4 fxe4 13.f3 Nf6 14.Qd2 e5 15.c5 Be7
16.dxe5 Bxc5+ 17.Kh1 Nd7 18.f4 Bg4 19.Nxd5 cxd5 20.Qxd5+ Kh8 21.e6 Bf2 22.Rf1 e3
23.exd7 Qe7 24.Bf3 Bf5 25.Qxb7 Rad8 26.Rfd1 Bc2 27.Rd4 Qe6 28.Qd5 Qh6 29.Qd6 Rf6
30.Qe7 Rff8 31.Qxf8+  1-0

[Event "3rd IECC"]
[Site "Batumi GEO"]
[Date "2002.06.12"]
[Round "1"]
[White "Morchiashvili,B"]
[Black "Potkin,V"]
[Result "0-1"]
[WhiteElo "2167"]
[BlackElo "2493"]

1.Nf3 d5 2.g3 Nf6 3.Bg2 c6 4.d4 Bf5 5.O-O e6 6.c4 Nbd7 7.Qb3 Qb6 8.c5 Qxb3
9.axb3 Be7 10.Nc3 O-O 11.b4 a6 12.Bf4 h6 13.Rfe1 Rfe8 14.Nd2 g5 15.Be5 Bg6
16.e4 dxe4 17.Ndxe4 Nxe4 18.Bxe4 Kh7 19.Bxg6+ Kxg6 20.Ne4 Nf6 21.Bxf6 Bxf6
22.Nd6 Re7 23.Rad1 Rd7 24.Rd2 Rad8 25.Red1 Be7 26.Nc4 Bf6 27.Nd6 Rxd6 28.cxd6 Rxd6
29.b5 axb5 30.f3 Bd8 31.g4 h5 32.h3 Bb6 33.Kf1 Rd8 34.Rd3 Ra8 35.Ra3 Rd8
36.Rad3 h4 37.Ke2 Kf6 38.R1d2 Ke7 39.f4 gxf4 40.Kf3 Bc7 41.Ra3 Kf6 42.Ra7 Rb8
43.b3 Bb6 44.Ra1 Rd8 45.Ke4 Kg5 46.Rf1 Bc7 47.Ra1 Rb8 48.Rda2 f5+ 49.gxf5 exf5+
50.Kf3 Rd8 51.Rd1 Bb6 52.Rg2+ Kf6 53.Rgd2 Rg8 54.Rg2 Rd8 55.Rgd2 Ba5 56.Rd3 Rg8
57.Kxf4 Rg2 58.Rh1 Bb6 59.Kf3 Rb2 60.Ke3 Bc7 61.Rf1 Rh2 62.Rd2 f4+ 63.Kd3 Rxh3+
64.Kc2 Rg3 65.Rh1 Kg5 66.d5 cxd5 67.Rxd5+ Kg4 68.Rd7 Be5 69.Rxb7 f3 70.Rxb5 Bf4
71.Rb4 h3 72.Kd3 f2+ 73.Ke2 Rg1 74.Kxf2 Rxh1 75.Rb7 Rh2+ 76.Kg1 Rb2  0-1

[Event "3rd IECC"]
[Site "Batumi GEO"]
[Date "2002.06.12"]
[Round "1"]
[White "Maherramzade,J"]
[Black "Magalashvili,D"]
[Result "1/2-1/2"]
[WhiteElo "2493"]
[BlackElo "2160"]

1.Nf3 d5 2.g3 c5 3.Bg2 Nc6 4.d4 e6 5.O-O Nf6 6.c4 dxc4 7.Ne5 Nxe5 8.dxe5 Qxd1
9.Rxd1 Nd7 10.f4 Be7 11.Nd2 Nb6 12.a4 a5 13.Ne4 Bd7 14.Nd6+ Bxd6 15.Rxd6 Nd5
16.Bxd5 exd5 17.Rxd5 b6 18.Rd6 Rb8 19.e4 Bg4 20.Kf2 g6 21.Bd2 Rd8 22.Bc3 Rxd6
23.exd6 Rf8 24.Bf6 Kd7 25.Be7 Rb8 26.Ke3 b5 27.axb5 Rxb5 28.Bf6 Kxd6 29.Bc3 h5
30.Rf1 Rb7 31.Ra1 Ra7 32.Ra4 Be6 33.Kd2 Kc6 34.Rxa5 Rxa5 35.Bxa5 Kb5 36.Bc3 Kc6
37.Ke3 Kd6 38.f5 gxf5 39.e5+ Ke7 40.Kf4 Bd5 41.Kxf5 Bf3 42.Bd2 Bg4+ 43.Ke4 Ke6
44.Be3 f6 45.exf6 Kxf6 46.Kd5 Be2 47.Bxc5 Kf5 48.h3 Bf1 49.Bd6 Bxh3 50.Kxc4 Kg4  1/2-1/2

[Event "3rd IECC"]
[Site "Batumi GEO"]
[Date "2002.06.13"]
[Round "2"]
[White "Markowski,T"]
[Black "Baklan,V"]
[Result "0-1"]
[WhiteElo "2538"]
[BlackElo "2618"]

1.g3 d5 2.Nf3 g6 3.c4 c6 4.Qa4 e6 5.Bg2 Nd7 6.cxd5 exd5 7.O-O Bg7 8.d3 Ne7
9.e4 O-O 10.Qc2 b6 11.Nc3 Bb7 12.Bf4 d4 13.Ne2 c5 14.Bd2 Nc6 15.Ne1 b5 16.Bh3 c4
17.Rd1 Nc5 18.Nf4 Ne5 19.Bb4 Ncxd3 20.Nfxd3 cxd3 21.Qb3 Re8 22.Bg2 a5 23.Bd2 Ba6
24.Bf4 a4 25.Qb4 Bf8 26.Qd2 Nc4 27.Qc1 a3 28.Nxd3 axb2 29.Qb1 b4 30.h4 Qa5
31.Rfe1 Qa3 32.e5 Rad8 33.Bg5 Be7 34.Bh6 Qc3 35.e6 f6 36.Nf4 d3  0-1

[Event "6th Open"]
[Site "Voronezh RUS"]
[Date "2002.06.14"]
[Round "3"]
[White "Obukhov,A"]
[Black "Richardson,J"]
[Result "1-0"]
[WhiteElo "2462"]
[BlackElo "2308"]

1.Nf3 d5 2.g3 Nf6 3.Bg2 e6 4.O-O Be7 5.b3 c5 6.c4 Nc6 7.e3 d4 8.exd4 cxd4
9.d3 e5 10.Re1 Nd7 11.Ba3 O-O 12.b4 Bxb4 13.Bxb4 Nxb4 14.Nxe5 Nxe5 15.Rxe5 Qd6
16.Rb5 Re8 17.Nd2 Qe7 18.Ne4 a6 19.Rb6 Nc6 20.c5 Qc7 21.Rab1 Re5 22.Qa4 h6
23.Nd6 Nd8 24.Qxd4 Qxc5 25.Qxc5 Rxc5 26.Nxb7 Nxb7 27.Bxb7 Bxb7 28.Rxb7 g6
29.Rb8+ Rxb8 30.Rxb8+ Kg7 31.Rb3 Ra5 32.a3 Kf6 33.f4 Kf5 34.Kf2 g5 35.fxg5 hxg5
36.Kf3 g4+ 37.Ke3 Re5+ 38.Kd2 Ra5 39.Kc3 Ra4 40.Kb2 Rd4 41.Kc2 Ra4 42.Rc3 Ra5
43.Rc7 f6 44.Kb3 Rb5+ 45.Kc4 Rb2 46.Rh7 Ra2 47.d4 Rxa3 48.d5 Ra1 49.Re7 Rc1+
50.Kd4 Rd1+ 51.Kc5 Rc1+ 52.Kb6 Rd1 53.Kc6 Rc1+ 54.Kd7 Rc2 55.d6 Rxh2 56.Kc8 Rc2+
57.Rc7 Rd2 58.d7 Ke4 59.Rc3 f5  1-0

[Event "3rd IECC"]
[Site "Batumi GEO"]
[Date "2002.06.15"]
[Round "4"]
[White "Markowski,T"]
[Black "Atakisi,U"]
[Result "1-0"]
[WhiteElo "2538"]
[BlackElo "2358"]

1.g3 d5 2.Nf3 c6 3.Bg2 Bg4 4.O-O Nd7 5.d3 e6 6.c4 Bxf3 7.Bxf3 dxc4 8.dxc4 Ne5
9.Nd2 Nxf3+ 10.Nxf3 Qxd1 11.Rxd1 Nf6 12.Be3 Be7 13.Rd3 Nd7 14.Rad1 O-O-O
15.Bxa7 b6 16.a4 Kc7 17.b4 Bxb4 18.Ng5 Rhf8 19.Nxh7 Rh8 20.Ng5 Rhf8 21.Ne4 Be7
22.h4 Ne5 23.c5 Nxd3 24.Bxb6+ Kb7 25.Bxd8 Rxd8 26.Rxd3 Rxd3 27.exd3 Ka6 28.Nd6 Ka5
29.Nxf7 Kxa4 30.Nd6 Kb4 31.Ne4 Bxc5 32.Nxc5 Kxc5 33.Kf1 Kd4 34.Ke2 c5 35.g4 c4
36.dxc4 Kxc4 37.Ke3 Kd5 38.Kf4  1-0

[Event "TSGM June"]
[Site "Belgrade YUG"]
[Date "2002.06.15"]
[Round "1"]
[White "Ivanisevic,I"]
[Black "Abramovic,B"]
[Result "0-1"]
[WhiteElo "2547"]
[BlackElo "2509"]

1.Nf3 d5 2.g3 Nf6 3.Bg2 c6 4.O-O Bg4 5.d3 Nbd7 6.Nbd2 e6 7.h3 Bh5 8.g4 Bg6
9.Nh4 Bc5 10.e3 e5 11.Qe2 Qe7 12.c4 dxc4 13.Nxc4 Nd5 14.Nxg6 hxg6 15.a3 a5
16.Bd2 a4 17.Rfc1 O-O 18.Rab1 Ra7 19.b4 axb3 20.Rxb3 Rfa8 21.a4 b6 22.Nb2 Qe6
23.Qd1 f5 24.Qc2 fxg4 25.hxg4 Qxg4 26.Qc4 Qg5 27.Rc2 Kf8 28.d4 b5 29.axb5 Ra1+
30.Rc1 exd4 31.bxc6 dxe3 32.cxd7 Nf4 33.Qe4 Nxg2 34.Qxg2 Rxc1+ 35.Bxc1 exf2+
36.Kh2 Bd6+ 37.Rg3 Qh4+ 38.Qh3 Bxg3+  0-1

[Event "Open"]
[Site "Lido Estensi ITA"]
[Date "2002.06.15"]
[Round "8"]
[White "Drazic,S"]
[Black "Brancaleoni,M"]
[Result "1-0"]
[WhiteElo "2474"]
[BlackElo "2246"]

1.Nf3 d5 2.g3 Nf6 3.Bg2 c6 4.O-O Bg4 5.d4 Nbd7 6.Nbd2 e6 7.Re1 Be7 8.e4 dxe4
9.Nxe4 O-O 10.c3 Bh5 11.Qb3 Nxe4 12.Rxe4 Qb6 13.Nd2 Bg6 14.Re1 Bd3 15.Nc4 Qa6
16.Ne5 Nxe5 17.Rxe5 Qb6 18.h4 Qxb3 19.axb3 a6 20.Bg5 Bd6 21.Rea5 h6 22.Be3 Bc2
23.b4 Rad8 24.h5 Bc7 25.R5a3 e5 26.Rc1 Bf5 27.dxe5 Bxe5 28.Ra5 Rfe8 29.Bb6 Rd2
30.f4 Rxg2+ 31.Kxg2 Be4+ 32.Kf2 Bb8 33.Re1 Re6 34.f5 Bxf5 35.Rxf5 Bxg3+ 36.Kxg3 Rxe1
37.Rf3 Re7 38.Kf4 f6 39.Re3 Rd7 40.Re8+ Kf7 41.Rb8 g6 42.hxg6+ Kxg6 43.Bd4 Kf7
44.Kf5 Rd5+ 45.Kg4 Rd7 46.Kh5 Kg7 47.Be3 Rd5+ 48.Kg4 Rd7 49.Bf4 Kg6 50.Rh8 f5+
51.Kh4 h5 52.Rh6+ Kg7 53.Kxh5  1-0

[Event "Open"]
[Site "Lido Estensi ITA"]
[Date "2002.06.16"]
[Round "9"]
[White "Timoscenko,G"]
[Black "Bukal,V jr"]
[Result "1/2-1/2"]
[WhiteElo "2522"]
[BlackElo "2393"]

1.Nf3 d5 2.g3 Bg4 3.Bg2 Nd7 4.c4 e6 5.b3 c6 6.Bb2 Ngf6 7.O-O Bd6 8.d3 O-O
9.Nbd2 Re8 10.h3 Bh5 11.Qc2 a5 12.a3 Qb8 13.Rfe1 e5 14.e3 b5 15.Nh4 Bg6 16.Nxg6 hxg6
17.Rac1 Ra6 18.Bf1 g5 19.Bg2 Rb6 20.Rb1 Rb7 21.Rec1 Rc7 22.Nf3 g4 23.hxg4 Nxg4
24.Nh4 Ndf6 25.Nf5 Bc5 26.cxd5 cxd5 27.d4 Bb6 28.Qd1 exd4 29.Bxd4 g6 30.Rxc7 Bxc7
31.Nh6+ Nxh6 32.Bxf6 Nf5 33.Qxd5 Bb6 34.g4 Re6 35.Bg5 Ng3 36.Re1 Qe8 37.Qa8 Ne4
38.Qxe8+ Rxe8 39.Bf4 Bc5 40.a4 bxa4 41.bxa4 Nc3 42.Bf3 Bb4 43.Ra1 f6 44.Kg2 Rd8
45.Bc7 Rd2 46.Bb6 f5 47.gxf5 gxf5 48.Rh1 Nxa4 49.Bc7 Nc3 50.Be5 Kf7 51.Rh6 Ne4
52.Bxe4 fxe4 53.Rf6+ Ke7 54.Rf4 Ke6 55.Bc7 Kd7 56.Bb8 Kc6 57.Rxe4 Kb5 58.Re8 a4
59.Be5 a3 60.Ra8 a2 61.Kf3 Kc4 62.Rc8+ Kb3 63.Rb8 Rd5 64.Bh8 Rh5  1/2-1/2

[Event "6th Open"]
[Site "Voronezh RUS"]
[Date "2002.06.17"]
[Round "5"]
[White "Obukhov,A"]
[Black "Frolyanov,D"]
[Result "0-1"]
[WhiteElo "2462"]
[BlackElo "2384"]

1.Nf3 d5 2.g3 Nf6 3.Bg2 c6 4.O-O Bg4 5.c4 e6 6.d3 Nbd7 7.cxd5 exd5 8.Nc3 Be7
9.Qc2 O-O 10.h3 Bh5 11.Nd4 Bg6 12.e4 Nc5 13.Rd1 Nfd7 14.f4 h6 15.Be3 Bh7
16.exd5 cxd5 17.Nxd5 Rc8 18.f5 Bf6 19.Nxf6+ Nxf6 20.Nc6 bxc6 21.Bxc5 Re8
22.Qf2 h5 23.Bxa7 Re5 24.Bb6 Qd7 25.Re1 Rxf5 26.Qd4 Nd5 27.Bc5 Qc7 28.Qh4 Nf6
29.Bf2 Rd8 30.Rac1 Rxf2 31.Kxf2 Qb6+  0-1

[Event "3rd IECC"]
[Site "Batumi GEO"]
[Date "2002.06.22"]
[Round "10"]
[White "Markowski,T"]
[Black "Dovliatov,S"]
[Result "1-0"]
[WhiteElo "2538"]
[BlackElo "2318"]

1.g3 d5 2.Nf3 g6 3.c4 d4 4.Bg2 Bg7 5.O-O e5 6.e3 Ne7 7.exd4 exd4 8.d3 O-O
9.b4 Nd7 10.Nbd2 c5 11.Ba3 Nc6 12.b5 Ne7 13.Nb3 b6 14.Nfxd4 Rb8 15.Nf3 Bxa1
16.Qxa1 Bb7 17.d4 cxd4 18.Nfxd4 Bxg2 19.Kxg2 Re8 20.Qc3 Rc8 21.Bb2 Nd5 22.Qf3 Ne7
23.Rd1 Ne5 24.Qe2 Qc7 25.c5 bxc5 26.Nf3 Nxf3 27.Qxf3 Nf5 28.Rd5 Qe7 29.Qc3 Nd4
30.Nxc5  1-0

[Event "3rd IECC"]
[Site "Batumi GEO"]
[Date "2002.06.24"]
[Round "12"]
[White "Maherramzade,J"]
[Black "Ipek,A"]
[Result "1/2-1/2"]
[WhiteElo "2493"]
[BlackElo "2263"]

1.Nf3 d5 2.g3 Nf6 3.Bg2 c6 4.O-O Bg4 5.c4 e6 6.cxd5 exd5 7.Qb3 Qb6 8.Qc2 Nbd7
9.d3 Bd6 10.Nc3 O-O 11.e4 dxe4 12.dxe4 Ne5 13.Nh4 Be6 14.h3 Rad8 15.Be3 Qa5
16.b3 Bc5 17.Bxc5 Qxc5 18.Rac1 Nd3 19.Nd5 Qxc2 20.Nxf6+ gxf6 21.Rxc2 Nb4
22.Rb2 a5 23.Nf3 Rd7 24.Rfb1 Rfd8 25.a3 Rd1+ 26.Kh2 Rxb1 27.Rxb1 Nc2 28.e5 Kg7
29.exf6+ Kxf6 30.Rb2 Nxa3 31.Nd2 Nb5 32.Ne4+ Kg7 33.Nc5 Bc8 34.Re2 Nd4 35.Re7 Kf6
36.Rc7 b6 37.Na4 Be6 38.Nxb6 Bxb3 39.Ra7 a4 40.Nxa4 Bxa4 41.Rxa4 c5 42.Ra6+ Kg7
43.Ra7 Ne6 44.Bf1 Rd4 45.Ra2 Rd1 46.Bc4 Rd4 47.Rc2 Ng5 48.Be2 Ne4 49.Kg2 Rd2
50.Rxd2 Nxd2 51.f3 c4 52.Kf2 c3 53.Ke3 Nb3 54.Bd1 Nc1 55.g4 h6 56.h4 Kf6
57.f4 Kg7 58.Bc2 Kf6 59.Bd1 Kg7 60.f5 Kf6 61.Kd4 Ne2+ 62.Ke3 Nc1 63.Kd4 Ne2+  1/2-1/2

[Event "3rd IECC"]
[Site "Batumi GEO"]
[Date "2002.06.24"]
[Round "12"]
[White "Anastasian,A"]
[Black "Radulski,J"]
[Result "1-0"]
[WhiteElo "2591"]
[BlackElo "2501"]

1.Nf3 d5 2.g3 Nf6 3.Bg2 e6 4.O-O Be7 5.d3 c5 6.Nbd2 Nc6 7.e4 b6 8.Re1 Bb7
9.e5 Nd7 10.h4 Qc7 11.Qe2 O-O-O 12.c4 Nb4 13.Nf1 dxc4 14.dxc4 Nb8 15.a3 Nd3
16.Rd1 Nxc1 17.Rdxc1 Nc6 18.N1d2 Rd7 19.b4 cxb4 20.axb4 Bxb4 21.Ne4 Kb8 22.c5 Rhd8
23.Rab1 a5 24.Nd6 bxc5 25.Rxc5 Rxd6 26.exd6 Qxd6 27.Rb5 Rd7 28.Qe3 f6 29.Rc1 Nd8
30.Qb3 Qd3 31.Qa4 e5 32.Kh2 e4 33.Ng1 g6 34.Nh3 f5 35.Nf4 Qd4 36.Qa2 Nf7
37.Ne6 Qd2 38.Rc2 Qd3 39.Rxb4 axb4 40.Nc5 Qd5 41.Nxd7+ Qxd7 42.Qb2 Qd6 43.Rc4 Qe5
44.Qxb4 Nd6 45.Rc5 Qe7  1-0

[Event "Masters"]
[Site "Grenoble FRA"]
[Date "2002.06.26"]
[Round "5"]
[White "Foisor,C"]
[Black "Stoppa,O"]
[Result "1-0"]
[WhiteElo "2437"]
[BlackElo "2224"]

1.Nf3 d5 2.g3 c5 3.Bg2 Nc6 4.d4 e6 5.O-O Nf6 6.c4 cxd4 7.Nxd4 Be7 8.Nc3 O-O
9.cxd5 exd5 10.Nb3 Be6 11.Be3 Ne5 12.Bd4 Nc4 13.Qc2 Rc8 14.Rad1 b5 15.Qb1 b4
16.Bxf6 Bxf6 17.Nxd5 Nxb2 18.Nxf6+ Qxf6 19.Rd4 Nc4 20.Rfd1 Rfd8 21.h4 Rxd4
22.Nxd4 a5 23.Nxe6 Qxe6 24.Bd5 Qxe2 25.Bxf7+ Kh8 26.Rc1 Nd6 27.Rxc8+ Nxc8
28.Qf5 Qd1+ 29.Kg2 Qd8 30.Bb3 Ne7 31.Qe4 h6 32.Kg1 Ng8 33.Qf5 Nf6 34.Qc5 Qe8
35.Bc2 Qd8 36.Qe5 Qc8 37.Bf5 Qc1+ 38.Kh2 Qd1 39.Qb8+ Ng8 40.Be6 Kh7 41.Qxg8+ Kg6
42.Qf7+  1-0

[Event "Open"]
[Site "Velika Gorica CRO"]
[Date "2002.06.27"]
[Round "6"]
[White "Pandurevic,M"]
[Black "Plesnik,H"]
[Result "1-0"]
[WhiteElo "2218"]
[BlackElo "2049"]

1.Nf3 d5 2.g3 Nf6 3.Bg2 g6 4.O-O Bg7 5.d3 O-O 6.c3 c6 7.Qa4 Bg4 8.h3 Bxf3
9.Bxf3 e5 10.Bg2 Nbd7 11.Nd2 Re8 12.c4 Qb6 13.cxd5 cxd5 14.Bxd5 Nc5 15.Qc4 Nxd5
16.Qxd5 Rad8 17.Qc4 e4 18.dxe4 Rd4 19.Qc2 Rd7 20.Nc4 Qe6 21.e5 Qxh3 22.Bf4 Ne6
23.Be3 Nd4 24.Bxd4 Rxd4 25.Rfd1 Rg4 26.e6 fxe6 27.Qb3 Bd4 28.e3 Bb6 29.Nxb6 axb6
30.Qxb6 Rxg3+ 31.fxg3 Qxg3+ 32.Kf1 Rf8+ 33.Ke2 Qg2+ 34.Kd3 Qd5+ 35.Qd4 Qf5+
36.Kd2 Qf2+ 37.Kc3 Rc8+ 38.Kb4 Qf8+ 39.Kb3 Qf5 40.Rac1 Qb5+ 41.Qb4 Rxc1 42.Rd8+  1-0

[Event "13th Open"]
[Site "Ljubljana SLO"]
[Date "2002.06.28"]
[Round "7"]
[White "Kukovec,B"]
[Black "Podkriznik,G"]
[Result "0-1"]
[WhiteElo "2156"]
[BlackElo "2299"]

1.Nf3 d5 2.g3 c6 3.Bg2 Bg4 4.c4 e6 5.Qb3 Qb6 6.d4 Nd7 7.Bf4 dxc4 8.Qxb6 axb6
9.Nbd2 b5 10.Ne4 Bb4+ 11.Nfd2 Ke7 12.h3 Bf5 13.O-O Ngf6 14.a3 Bxe4 15.Nxe4 Nxe4
16.axb4 Nef6 17.g4 Nb6 18.g5 Nfd5 19.Bd2 Rxa1 20.Rxa1 Ra8 21.Rxa8 Nxa8 22.e4 Ndb6
23.Kf1 Na4 24.Bc3 f6 25.f4 fxg5 26.fxg5 e5 27.Bf3 Nxc3 28.bxc3 exd4 29.cxd4 Nc7
30.Bg4 Na6 31.Bc8 Nxb4 32.Bxb7 Kd7 33.e5 Kc7 34.e6 Nd5 35.Ba6 Ne7  0-1

[Event "13th Open"]
[Site "Ljubljana SLO"]
[Date "2002.06.28"]
[Round "7"]
[White "Krasevec,V"]
[Black "Guid,M"]
[Result "0-1"]
[WhiteElo "2007"]
[BlackElo "2185"]

1.Nf3 d5 2.g3 Nf6 3.Bg2 c5 4.d4 cxd4 5.O-O g6 6.Nxd4 Bg7 7.c3 e5 8.Nf3 Nc6
9.Bg5 Be6 10.Qa4 h6 11.Be3 O-O 12.Rd1 Qd7 13.Bc5 Rfd8 14.Nbd2 Bh3 15.Bh1 Nd4  0-1

[Event "ch-SVK"]
[Site "Kaskady SVK"]
[Date "2002.06.29"]
[Round "3"]
[White "Movsesian,S"]
[Black "Khenkin,I"]
[Result "1-0"]
[WhiteElo "2624"]
[BlackElo "2587"]

1.Nf3 d5 2.g3 g6 3.Bg2 Bg7 4.O-O e5 5.d3 Nc6 6.Nc3 d4 7.Nb1 Nge7 8.c3 O-O
9.cxd4 exd4 10.Nbd2 Be6 11.Ne4 b6 12.Neg5 Bf5 13.Nh3 h6 14.Nf4 g5 15.Nh5 Bh8
16.h3 Bg6 17.g4 Qd7 18.Ng3 Bg7 19.Bd2 Rad8 20.Rc1 Ne5 21.Nxe5 Bxe5 22.f4 gxf4
23.Bxf4 Bxf4 24.Rxf4 c5 25.Qd2 Nd5 26.Bxd5 Qxd5 27.Rcf1 Rfe8 28.R1f3 Qg5
29.Qd1 Re3 30.Qa4 Rxf3 31.Rxf3 Qe7 32.Kg2 Rd5 33.Qc6 Re5 34.Qf6 Qxf6 35.Rxf6 h5
36.gxh5 Bxh5 37.Kf2 Bg6 38.Kf3 Rd5 39.b3 Rd7 40.h4 Kg7 41.Rc6 f6 42.Kf4 Rb7
43.a3 Re7 44.Rc8 Rd7 45.Kg4 Re7 46.Rc6 Rb7 47.h5 Bh7 48.Nf5+ Bxf5+ 49.Kxf5 Re7
50.Re6 Rd7 51.Rxf6 Rd5+ 52.Ke6 Rxh5 53.Rf7+ Kg6 54.Rxa7 Rh2 55.Rb7 Rxe2+
56.Kd5 Rd2 57.Rxb6+ Kf5 58.Kxc5 Rxd3 59.Kc4 Rd1 60.Rb8 d3 61.Kc3 Ke4 62.Re8+ Kf3
63.a4 Kf4 64.Re7 Kf3 65.Re6 Kf4 66.Re8 Kf3 67.a5 d2 68.Kc2 Ra1 69.Kxd2 Rxa5
70.Kc3 Ra7 71.b4 Rb7 72.Kc4 Rc7+ 73.Kd5  1-0

[Event "Polish Supercup"]
[Site "Warsaw POL"]
[Date "2002.06.29"]
[Round "1"]
[White "Markowski,T"]
[Black "Weglarz,L"]
[Result "1-0"]
[WhiteElo "2538"]
[BlackElo "2360"]

1.g3 d5 2.Nf3 Nf6 3.Bg2 e6 4.O-O Be7 5.d4 O-O 6.c4 dxc4 7.Ne5 c5 8.dxc5 Qc7
9.Nxc4 Rd8 10.Qb3 Nbd7 11.Nc3 Nxc5 12.Qc2 e5 13.Bg5 Be6 14.Ne3 Rac8 15.Rac1 Qa5
16.Nf5 Bf8 17.Ne3 Ncd7 18.Bxb7 Rc7 19.Bg2 h6 20.Bxf6 Nxf6 21.a3 Rb8 22.Rb1 Bb3
23.Qd3 Rd7 24.Qf5 Be6 25.Qc2 Bb3 26.Qc1 Bc5 27.Nc2 Rbd8 28.Na1 Qb6 29.Nxb3 Qxb3
30.e3 Bb6 31.Bf3 Rd2 32.Rd1 Rc2 33.Rxd8+ Bxd8 34.Qd1 Ba5 35.Nd5 Qc4 36.Nxf6+ gxf6
37.Bd5 Qc7 38.Be4 Rd2 39.Qf3 Kg7 40.b4 Bb6 41.Qf5 Qc3 42.Qh7+  1-0

[Event "Polish Supercup"]
[Site "Warsaw POL"]
[Date "2002.06.30"]
[Round "2"]
[White "Urban,K"]
[Black "Ivanchuk,V"]
[Result "1/2-1/2"]
[WhiteElo "2440"]
[BlackElo "2711"]

1.Nf3 d5 2.g3 c6 3.Bg2 Bf5 4.d3 e6 5.O-O Nf6 6.c4 dxc4 7.dxc4 Qxd1 8.Rxd1 Bc2
9.Rf1 Nbd7 10.Bf4 Be7 11.Nc3 O-O 12.Rac1 Bg6 13.Rfd1 Rfd8 14.h3 h6 15.Ne5 Nxe5
16.Bxe5 Kf8 17.Kf1 Ke8 18.Ke1 Bf8 19.Rxd8+ Rxd8 20.Rd1 Nd7 21.Bd6 Bxd6 22.Rxd6 Ke7
23.Rd2 f6 24.h4 e5 25.Ne4 a5 26.g4 Bxe4 27.Bxe4 g5 28.hxg5 hxg5 29.Bf5 Nc5
30.Rxd8 Kxd8 31.Kd2 Kc7 32.Kc3 Na4+ 33.Kc2 Nc5 34.Kc3 Na4+ 35.Kc2  1/2-1/2

[Event "IV Shakkinet A"]
[Site "Helsinki FIN"]
[Date "2002.07.01"]
[Round "8"]
[White "Payen,A"]
[Black "Solozhenkin,E"]
[Result "1/2-1/2"]
[WhiteElo "2356"]
[BlackElo "2499"]

1.Nf3 d5 2.g3 c6 3.Bg2 Bg4 4.O-O Nd7 5.d4 e6 6.b3 Ngf6 7.Bb2 Be7 8.Nbd2 O-O
9.c4 h6 10.Qc1 Re8 11.Re1 Bf5 12.Ba3  1/2-1/2

[Event "23rd Open"]
[Site "Bled SLO"]
[Date "2002.07.05"]
[Round "4"]
[White "Kukovec,B"]
[Black "Sitnik,I"]
[Result "0-1"]
[WhiteElo "2145"]
[BlackElo "2296"]

1.Nf3 d5 2.g3 c5 3.c4 d4 4.d3 Nc6 5.Bg2 Nf6 6.O-O e5 7.e3 Be7 8.exd4 cxd4
9.Re1 Nd7 10.b3 O-O 11.Na3 Re8 12.Nc2 a5 13.Rb1 Bb4 14.Bd2 Nc5 15.a3 Bxd2
16.Qxd2 Bf5 17.Bf1 e4 18.Nh4 Qd7 19.dxe4 Nxe4 20.Qf4 Nxg3 21.Nxf5 Qxf5 22.Qxg3 Qxc2
23.Qd3 Qxd3 24.Bxd3 Kf8 25.Be4 Re7 26.Bd5 Rd7 27.Rbd1 Re8 28.Kf1 Rxe1+ 29.Kxe1 Ne7
30.Bf3 Ng8 31.Kd2 Nf6 32.Re1 b6 33.Re5 Rd6 34.b4 axb4 35.axb4 Nd7 36.Rd5 Ke7
37.Kd3 Rf6 38.Ke2 Re6+ 39.Kd3 Ne5+ 40.Ke4 Nc6+ 41.Kf4 Nxb4 42.Rxd4 Na6 43.Bd5 Nc5
44.Rd2 Rh6 45.Kg3 Rd6 46.f3 Ne6 47.Ra2 g5 48.h4 h6 49.Ra8 Kf6 50.Rg8 Nf4
51.hxg5+ hxg5 52.Rb8 Nxd5 53.cxd5 Ke5 54.Kg4 f6 55.f4+ gxf4 56.Re8+ Kxd5
57.Kxf4 b5 58.Rb8 Kc5 59.Ke4 b4 60.Rb7 Rb6 61.Rc7+ Rc6 62.Rd7 Re6+ 63.Kf5 Rb6
64.Ke4 b3 65.Rd1 b2  0-1

[Event "XX Open"]
[Site "Andorra la Vella AND"]
[Date "2002.07.06"]
[Round "1"]
[White "Marin,L"]
[Black "Gustafsson,J"]
[Result "1/2-1/2"]
[WhiteElo "2143"]
[BlackElo "2542"]

1.g3 d5 2.Nf3 Nf6 3.Bg2 g6 4.O-O Bg7 5.c4 Nc6 6.cxd5 Nxd5 7.Nc3 Nb6 8.Ng5 e5
9.Bxc6+ bxc6 10.d3 h6 11.Nf3 O-O 12.Be3 f5 13.Qb3+ Kh7 14.Rad1 Qe7 15.Na4 Be6
16.Qc2 Nxa4 17.Qxa4 Bd5 18.Rc1 Rfe8 19.b3 Qf7 20.Qh4 Qf6 21.Bg5 Qf8 22.e4 fxe4
23.dxe4 Qxf3 24.exd5 Qf5 25.Be3 cxd5 26.Rxc7 g5 27.Qh5 d4 28.Bd2 Rec8 29.Rfc1 Rxc7
30.Rxc7 Rf8 31.Qe2 a6 32.g4 Qf6 33.Bb4 Rf7 34.Rxf7 Qxf7 35.Qxa6 e4 36.Qc6 Qf3
37.Qd7 Qd1+ 38.Kg2 Qf3+ 39.Kg1 Qd1+ 40.Kg2 Qf3+  1/2-1/2